000 00877nam a2200229 a 4500
005 20090825112118.0
008 850322s1983 ii b 001 0 eng
010 _aENG-94877
020 _c95.00
_a9788178794525
035 _aEN-78410
037 _bDBAD / PUB
040 _adpl
_bEnglish
082 _a796.812
100 _aMishra, Sharad Chandra
245 _aTeach yourself wrestling /
_cby Sharad Chandra Mishra
260 _aNew Delhi
_bSports Publication
_c2007
270 _aG-6, 23/23-B, EMCA House, Ansari Road, Daryaganj,
_bNew Delhi
_e110002
300 _a68p.:
_c22cm(Hb)
_bill.
650 _aWrestling
_xStudy and teaching
942 _2ddc
_cEN
_mMIS
_h796.812
999 _c29540
_d29540